| 000 | 00567nam a2200169 a 4500 | ||
|---|---|---|---|
| 001 | 000039707 | ||
| 005 | 20201002033706.0 | ||
| 008 | 130716s1996 sp a 000 0 spa d | ||
| 020 | _a8481811491 | ||
| 040 |
_aDO-SdBNP _bspa _cBNPHU |
||
| 082 | _axxx | ||
| 100 | 1 |
_aCarrión Gútiez, Manuel _943196 |
|
| 245 | 1 | 3 |
_aLa biblioteca nacional / _cManuel Carrión Gútiez ; prólogo Luis Alberto de Cuenca y Prado. |
| 260 |
_aMadrid, España : _bBiblioteca Nacional, _c1996. |
||
| 300 |
_a205 p. : _bil. ; _c30 cm. |
||
| 700 | 1 |
_aCuenca y Prado, Luis Alberto de, _epról. _965898 |
|
| 999 |
_c39197 _d39197 |
||